Score 0/20 Timer 02:00
0 Plays Today
‘John’ Term Missing Word % Correct
______ JohnDear
90.2%
______ John’sPapa
89%
John ______Doe
88.9%
John ______Deere
84.6%
John ______Hancock
83.8%
Johnny-______-latelycome
82.4%
Johnny B ______Goode
80.1%
Johnny-on-the-______spot
73.9%
______ JohnLittle
72.9%
Johnny ______Appleseed
67.6%
‘John’ Term Missing Word % Correct
The ______ of John and YokoBallad
59.7%
Jonathan Livingston ______Seagull
58.3%
Big ______ JohnBad
58.3%
John Q ______Public
52.6%
______ John BSloop
47.5%
'______' John McIntyre'Trapper'
36.4%
Johnny ______Angel
32.7%
Johnny ______Bravo
30.1%
______ , Martin and JohnAbraham
28.4%
John ______Bull
14.1%

Today's Daily Dose

Missing Word
Boxers

Quick Pick
Rise or Fall?

Get the Picture
A ‘B’ in Disney

You're not logged in!

Compare scores with friends on all Sporcle quizzes.
OR
Log In

Sporcle TV

Today on Sporcle TV


Watch our educational content, quiz creation guides, and fun videos on Sporcle TV.

Show Comments

Extras

Top Quizzes Today


Score Distribution

Paid Content

Your Account Isn't Verified!

In order to create a playlist on Sporcle, you need to verify the email address you used during registration. Go to your Sporcle Settings to finish the process.

Report this User

Report this user for behavior that violates our Community Guidelines.

Details: